Statistics for British Overseas Territories

Click here to take the quiz!

General Stats

  • This quiz has been taken 46 times
  • The average score is 12 of 16

Answer Stats

Answer% Correct
Gibraltar
93%
Bermuda
90%
Falkland Islands
88%
Montserrat
88%
Cayman Islands
83%
Anguilla
81%
Saint Helena
79%
British Virgin Islands
76%
Pitcairn Islands
76%
British Indian Ocean Territory
74%
British Antarctic Territory
71%
Turks and Caicos Islands
69%
Tristan da Cunha
52%
Ascension Island
50%
Akrotiri and Dhekelia
45%
South Georgia and the South Sandwich Islands
40%

Score Distribution

Percentile by Number Answered

Percent of People with Each Score

Your Score History

You have not taken this quiz